Countries with the Most Overseas Chinese - Statistics

General Stats
  • This quiz has been taken 54 times
  • The average score is 9 of 10
Answer Stats
Population (m) Country % Correct
5.5 United States
100%
0.47 United Kingdom
98%
1.39 Australia
96%
1.91 Canada
94%
0.75 France
90%
10.84 Indonesia
88%
6.7 Malaysia
85%
2.99 Singapore
81%
7.01 Thailand
77%
0.5 South Africa
48%
No matching quizzes found
Score Distribution
Percent of People with Each Score
Percentile by Number Answered
Your Score History
You have not taken this quiz